majlis Sambutan maulidur Rasul [ Perpaduan ummah membawa kejayaan oleh Ustaz Mohd Najmuddin Elias pada 20 Julai 1999

Bibliographic Details
Format: Book
Published: Bangi : Inspen , 1999
Subjects:

MARC

LEADER 00000cam a2200000 7i4500
001 0000017410
005 20061129.0
040 |a INS 
090 0 0 |a BP175 1999 
245 0 0 |a majlis Sambutan maulidur Rasul [  |h video recording] :   |b Perpaduan ummah membawa kejayaan oleh Ustaz Mohd Najmuddin Elias pada 20 Julai 1999 
260 |a Bangi :   |b Inspen ,   |c 1999 
300 |a 1 Video cassette ( VHS) (2:10) :   |b sd.,col. ;   |c 1/2 in. 
650 0 0 |a Islam   |x Unity 
999 |a VHS823   |b VIDEO   |c Media Collection   |e Default branch